000 00356nam a2200133Ia 4500
008 240624s9999 xx 000 0 und d
041 _aeng
082 _a658.4 MCF
100 _aMCFARLAND KEITH R
245 _aBREAKTHROUGH COMPANY HOW EVERYDAY COMPAN
260 _c2008
_aNew York
_bCrown Business
300 _axii, : 271 : p. : cm. ; 24
365 _c
_b30
999 _c16324
_d16324